000 00427nam a2200181Ia 4500
001 18636
005 20260306171645.0
008 260306s9999||||xx |||||||||||||| ||und||
041 _aESP
082 _a658.4092
_bM31
100 _aMaxwell , John C. [1947-...]
_eAUT
245 0 _aEl líder de 360º
260 _c2007
300 _a367 páginas :
_c21 cm.
650 _aGEN
654 _aCAN
942 _cLIB
_dJUS
_fJUS
_2ddc
_n
999 _c18636
_d18636